Falls from height (Record no. 634)
[ view plain ]
| 000 -LEADER | |
|---|---|
| fixed length control field | 02575nam a2200349 a 4500 |
| 082 04 - DEWEY DECIMAL CLASSIFICATION NUMBER | |
| Classification number | 658.3/82 |
| 100 1# - MAIN ENTRY--AUTHOR NAME | |
| Personal name | McCurley, Loui, |
| 245 10 - TITLE STATEMENT | |
| Title | Falls from height |
| 260 ## - PUBLICATION, DISTRIBUTION, ETC. (IMPRINT) | |
| Place of publication | Hoboken, N.J. : |
| Name of publisher | Wiley, |
| Year of publication | 2013. |
| 300 ## - PHYSICAL DESCRIPTION | |
| Number of Pages | xv, 357 p. : |
| Other physical details | ill. |
| 500 ## - GENERAL NOTE | |
| General note | Includes index. |
| 505 8# - FORMATTED CONTENTS NOTE | |
| Formatted contents note | Machine generated contents note: SECTION 1 REGULATORY CONSIDERATIONS, RESCUE PLANS, AND DEVELOPING A RESCUE CAPABILITY CHAPTER 1 The Reason for Rescue CHAPTER 2 Developing a Post Fall Rescue Plan CHAPTER 3 Program Development and Incident Management SECTION 2 EQUIPMENT, SYSTEMS AND SKILLS CHAPTER 4 Equipment for Co-Worker Responders CHAPTER 5 Rescue Equipment and Systems CHAPTER 6 Personal Skills for Rescuers SECTION 3 - PUTTING IT ALL TOGETHER CHAPTER 7 Principles of Rigging CHAPTER 8 Single-Rescuer Techniques CHAPTER 9 Group-Rescue Methods SECTION 4 - SUCCESSFUL WORKPLACE PLANNING CHAPTER 10 Industry Specific Considerations CHAPTER 11 Practical Workplace Application Your Step-by-Step Guide to Developing a CoWorker Assisted Rescue Plan. |
| 520 ## - SUMMARY, ETC. | |
| Summary, etc | "Occupational fall protection has grown substantially as a safety practice over the past two decades. This book guides the reader in creating a comprehensive plan for post-fall rescue and retrieval in the workplace. Chapters lay out, step by step, a valuable roadmap to follow in developing specific plans for effecting prompt rescue at work locations. This essential book for safety managers and planners aids the employer in making informed decisions in advance about the who, what, when, and how of emergency rescue in the critical first moments following an accidental fall"-- |
| 650 #0 - SUBJECT ADDED ENTRY--TOPICAL TERM | |
| Topical Term | Industrial safety. |
| Topical Term | Falls (Accidents) |
| Topical Term | Rescue work. |
| 856 40 - ELECTRONIC LOCATION AND ACCESS | |
| Uniform Resource Identifier | http://site.ebrary.com/lib/rucke/Doc?id=10713669 |
| 520 ## - SUMMARY, ETC. | |
| -- | Provided by publisher. |
No items available.
